| 000 | 00862cam a2200157 4500500 | ||
|---|---|---|---|
| 005 | 20250119091253.0 | ||
| 041 | _afre | ||
| 042 | _adc | ||
| 100 | 1 | 0 |
_aServant, Patricia _eauthor |
| 245 | 0 | 0 | _aMinority and Legal Age Limits |
| 260 | _c2016. | ||
| 500 | _a12 | ||
| 520 | _aThis summary presents the various legal age limits set in different branches of French law: labor law, civil law, and criminal law. It points out that the use of legal age limits aims to protect both children who have not yet reached the established legal limit, whilst allowing the minor who reaches it to progressively access majority status by granting him or her new rights. | ||
| 786 | 0 | _nAgora débats/jeunesses | o 74 | 3 | 2016-10-03 | p. 113-117 | 1268-5666 | |
| 856 | 4 | 1 | _uhttps://shs.cairn.info/journal-agora-debats-jeunesses-2016-3-page-113?lang=en&redirect-ssocas=7080 |
| 999 |
_c406300 _d406300 |
||